[Event "Lugano op"]
[Site "Lugano"]
[Date "1989.??.??"]
[Round "8"]
[White "Piket, Marcel"]
[Black "Thorsteins, Karl"]
[Result "1-0"]
[WhiteElo "2355"]
[BlackElo "2430"]

1.d4 Nf6 2.Bg5 e6 3.Nf3 h6 4.Bxf6 Qxf6 5.e4 d6 6.Bd3 Nc6 7.c3 g5 8.Na3 Bd7
9.Nc4 h5 10.Ne3 a6 11.Qe2 g4 12.Nd2 Rg8 13.Rf1 Bh6 14.O-O-O b5 15.Kb1 b4
16.e5 dxe5 17.Ne4 Qe7 18.d5 Nb8 19.Bc4 bxc3 20.Nxc3 Kf8 21.Qd3 c6 22.dxe6 Bxe6
23.Nf5 Bxf5 24.Qxf5 Ra7 25.Ne4 Nd7 26.Rd6 Nb6 27.Bb3 Rh8 28.Rfd1 Nd5 29.Rxc6 Nf4
30.Rcd6 Kg7 31.Rd7 Rxd7 32.Rxd7  1-0

[Event "Luzern"]
[Site "Luzern"]
[Date "1989.??.??"]
[Round "?"]
[White "Klinger, Josef"]
[Black "Summermatter, Daniel"]
[Result "1-0"]
[WhiteElo "2475"]
[BlackElo "2385"]

1.d4 Nf6 2.Bg5 e6 3.Nf3 h6 4.Bxf6 Qxf6 5.Nc3 b6 6.e4 Bb7 7.Bd3 Bb4 8.O-O Bxc3
9.bxc3 O-O 10.Nd2 d6 11.f4 Nd7 12.Qg4 Qe7 13.Rae1 Rfe8 14.e5 f5 15.exf6 Nxf6
16.Qg3 Qd7 17.Nf3 Qa4 18.Qg6 Ba6 19.Bxa6 Qxa6 20.Ng5 Qxa2 21.Qf7+ Kh8 22.Nxe6 Rxe6
23.Rxe6 Qxc2 24.Rxf6 gxf6 25.Qxf6+ Kh7 26.Re1  1-0

[Event "Reykjavik"]
[Site "Reykjavik"]
[Date "1989.??.??"]
[Round "?"]
[White "Hodgson, Julian M"]
[Black "Eingorn, Vereslav S"]
[Result "1/2-1/2"]
[WhiteElo "2545"]
[BlackElo "2570"]

1.d4 Nf6 2.Bg5 e6 3.e4 h6 4.Bxf6 Qxf6 5.Nf3 g6 6.Nc3 Bg7 7.Qd2 d6 8.O-O-O Nc6
9.Bb5 O-O 10.e5 dxe5 11.Bxc6 exd4 12.Ne4 Qe7 13.Ba4 c5 14.Rhe1 Rb8 15.Qf4 e5
16.Ned2 exf4 17.Rxe7 b5 18.Bb3 c4 19.Nxc4 bxc4 20.Bxc4 Rb7 21.Rde1 Bf6 22.R7e4 d3
23.c3 Bf5 24.Re8 g5 25.h3 h5 26.Bb3 g4 27.hxg4 hxg4 28.Nd4 Bg6 29.Nc6 Rxe8
30.Rxe8+  1/2-1/2

[Event "Stavanger op"]
[Site "Stavanger"]
[Date "1989.??.??"]
[Round "5"]
[White "Hodgson, Julian M"]
[Black "Mednis, Edmar John"]
[Result "0-1"]
[WhiteElo "2545"]
[BlackElo "2450"]

1.d4 Nf6 2.Bg5 e6 3.e4 h6 4.Bxf6 Qxf6 5.Nf3 d6 6.Nc3 Nd7 7.Qd2 c6 8.O-O-O e5
9.dxe5 dxe5 10.Nb5 Kd8 11.Qc3 cxb5 12.Bxb5 Bd6 13.Rxd6 Qxd6 14.Rd1 Qc7 15.Qb3 Rf8
16.Nh4 a6 17.Qa3 Re8 18.Nf5 axb5 19.Qxa8 g6 20.Nd6 Re6 21.Qa3 Qc6 22.Rd5 Qa6
23.Nxf7+ Kc7 24.Qb3 b4 25.Qxb4 Qf1+ 26.Rd1 Qxf2 27.Nd6 Qc5 28.Nb5+ Kb8 29.Qb3 Rb6
30.a4 Rc6 31.Kb1 Qc4 32.Qxc4 Rxc4 33.Nc3 Rc6 34.Nd5 Rd6 35.Rf1 Nc5 36.Rf8 Re6
37.a5 Nxe4 38.Nb6 Rc6 39.Nd7+ Kc7 40.Nxe5 Rc5 41.Nxg6 Rxa5 42.Rf4 Ng5 43.h4 Ne6
44.Rf7+ Bd7 45.g4 Kd6 46.Ne7 Nd8 47.Rg7 Bxg4 48.Ng8 Be6 49.Nxh6 Rh5 50.Rg6 Kc7
51.Ng4 Rxh4 52.Nf2 Bf5 53.Rg3 Nc6 54.Nd3 Bxd3 55.cxd3 Nb4 56.Kc1 Rh2 57.d4 Rc2+
58.Kb1 Rd2 59.b3 Rxd4 60.Kb2 Rd3 61.Rg4 Nc6 62.Kc2 Rh3 63.Kb2 Na5 64.Ka3 Nxb3
65.Kb4 b6  0-1

[Event "SWE-ch"]
[Site "?"]
[Date "1989.??.??"]
[Round "?"]
[White "Sjodahl, Pontus"]
[Black "Ziegler, Ari"]
[Result "1/2-1/2"]
[WhiteElo "2240"]
[BlackElo "2315"]

1.d4 Nf6 2.Bg5 e6 3.e4 Be7 4.Bd3 d5 5.e5 Nfd7 6.Bxe7 Qxe7 7.c3 b6 8.Ne2 Ba6
9.Bxa6 Nxa6 10.O-O O-O 11.Qd3 Nab8 12.f4 f5 13.exf6 Nxf6 14.Nd2 g6 15.Rae1 Qd6
16.Nf3 Ne4 17.Ng3 Nxg3 18.hxg3 Nd7 19.Ng5 Rae8 20.Re3 c6 21.Rfe1 Rf6 22.Qa6 h6
23.Nf3 Qc7 24.Qd3 Kg7 25.c4 Qd6 26.cxd5 Qxd5 27.Qb3 Qxb3 28.Rxb3 Rf5 29.Rc3 c5
30.dxc5 Rxc5 31.Rxc5 Nxc5 32.b4 Na6 33.Rc1 Re7 34.b5 Nc5 35.Ne5 Rc7 36.Rc4 h5
37.Kf2 a6  1/2-1/2

[Event "Hoogovens-B"]
[Site "Wijk aan Zee"]
[Date "1989.??.??"]
[Round "?"]
[White "Hodgson, Julian M"]
[Black "Rogers, Ian"]
[Result "0-1"]
[WhiteElo "2545"]
[BlackElo "2505"]

1.d4 Nf6 2.Bg5 e6 3.e4 h6 4.Bxf6 Qxf6 5.Nf3 d6 6.Nc3 Nd7 7.Qd2 c6 8.O-O-O e5
9.h4 Be7 10.Qe3 Nf8 11.Be2 Ne6 12.Bc4 Bd8 13.Bxe6 Bxe6 14.dxe5 dxe5 15.Na4 O-O
16.Kb1 Bg4 17.Rd3 b5 18.Nc5 Bb6 19.Rc3 Qe7 20.a3 a5 21.b4  0-1

[Event "Zug"]
[Site "Zug"]
[Date "1989.??.??"]
[Round "?"]
[White "Ballmann, Martin"]
[Black "Summermatter, Daniel"]
[Result "1-0"]
[WhiteElo "2270"]
[BlackElo "2385"]

1.d4 Nf6 2.Bg5 e6 3.Nf3 b6 4.Nbd2 Bb7 5.e3 c5 6.c3 Be7 7.Bd3 h6 8.Bh4 O-O
9.O-O Nc6 10.a3 a6 11.Qe2 b5 12.Bxf6 gxf6 13.e4 Kg7 14.d5 Na7 15.c4 Rh8 16.Rad1 Qb6
17.Ne1 Rag8 18.f4 Kf8 19.Kh1 h5 20.Qe3 Qc7 21.Rc1 Qb8 22.Nb3 bxc4 23.Bxc4 exd5
24.Bxd5 Bxd5 25.exd5 d6 26.Nf3 Rg4 27.Rfe1 Nc8 28.Na5 Qxb2 29.Re2 Qb5 30.Nc6 Rxf4
31.Nxe7 Nxe7 32.Qxe7+ Kg7 33.Re4 Rxe4 34.Qxe4 Re8 35.Qf4 Qb2 36.Rf1  1-0

[Event "Aarhus op"]
[Site "Aarhus"]
[Date "1990.??.??"]
[Round "1"]
[White "Brautsch, Soren"]
[Black "Hoiberg, Nina"]
[Result "1/2-1/2"]
[WhiteElo "2240"]
[BlackElo "2280"]

1.d4 Nf6 2.Bg5 e6 3.Nf3 Be7 4.Nbd2 b6 5.e3 Bb7 6.Bd3 d6 7.c3 Nbd7 8.O-O O-O
9.b4 c5 10.Qa4 Nd5 11.Bxe7 Qxe7 12.Rfc1 e5 13.Bf5 N5f6 14.Rab1 g6 15.Bh3 Rfd8
16.Qd1 Nf8 17.bxc5 bxc5 18.dxe5 dxe5 19.Qe2 Ne4 20.Rb2 f5 21.Nxe4 Bxe4 22.Rd1 Rxd1+
23.Qxd1 Rd8 24.Rd2 Rxd2 25.Nxd2 Bd5 26.Qc2 e4 27.g3  1/2-1/2

[Event "Aarhus op"]
[Site "Aarhus"]
[Date "1990.??.??"]
[Round "5"]
[White "Nielsen, J."]
[Black "Holst, Conny"]
[Result "0-1"]
[WhiteElo "2260"]
[BlackElo "2285"]

1.d4 Nf6 2.Bg5 e6 3.e4 Be7 4.Bd3 c5 5.c3 O-O 6.Nf3 d5 7.e5 Nfd7 8.h4 f6 9.exf6 Nxf6
10.Ne5 Nc6 11.Bxf6 Bxf6 12.Qh5 g6 13.Nxg6 Rf7 14.Ne5 Rg7 15.Nd2 cxd4 16.Ndf3 dxc3
17.bxc3 Nxe5 18.Nxe5 Bd7 19.f4 Rc8 20.Rc1 Be8 21.Qh6 Qe7 22.Rc2 Ba4 23.Rc1 Rxg2
24.Kf1 Rg7 25.Kf2 Bxe5 26.fxe5 Qf8+  0-1

[Event "Aarhus-A"]
[Site "Aarhus"]
[Date "1990.??.??"]
[Round "6"]
[White "Rewitz, Poul"]
[Black "Ostergaard, Jens"]
[Result "0-1"]
[WhiteElo "2235"]
[BlackElo "2295"]

1.d4 Nf6 2.Bg5 e6 3.e4 h6 4.Bxf6 Qxf6 5.Nf3 d6 6.Nc3 g6 7.Bd3 Bg7 8.Qe2 a6
9.O-O-O b5 10.e5 Qe7 11.d5 dxe5 12.Be4 b4 13.Qc4 O-O 14.d6 cxd6 15.Qxb4 a5
16.Qxd6 Qxd6 17.Rxd6 Ra6 18.Rxa6 Nxa6 19.Nd2 f5 20.Bc6 Nb4 21.Bb5 Bb7 22.f3 Nd5
23.Na4 Ne3 24.Rg1 Rc8 25.c3 h5 26.Bd7 Rd8 27.Nc5 Bd5 28.Bxe6+ Kh7 29.c4 Bc6
30.Ndb3 Bh6 31.Kb1 a4 32.Na5 Be8 33.b4 Rd2 34.b5 Nc2 35.Nxa4 Na3+ 36.Ka1 e4
37.Rc1 Rxg2 38.b6 Bxc1 39.b7 Bf4  0-1

[Event "Bad Woerishofen op"]
[Site "Bad Woerishofen"]
[Date "1990.??.??"]
[Round "?"]
[White "Klinger, Josef"]
[Black "Reschke, Stefan"]
[Result "1/2-1/2"]
[WhiteElo "2475"]
[BlackElo "2265"]

1.d4 Nf6 2.Bg5 e6 3.e4 h6 4.Bxf6 Qxf6 5.Nf3 d6 6.Nc3 Nd7 7.Qd2 a6 8.O-O-O Qe7
9.Bd3 g6 10.Rhe1 Bg7 11.Nd5 Qd8 12.Nf4 e5 13.dxe5 dxe5 14.Nd5 c6 15.Ne3 Qe7
16.Bf1 O-O 17.Nc4 Nc5 18.Nb6 Rb8 19.Qa5 Re8 20.Nc4 Bg4 21.Nd6 b6 22.Qa3 Red8
23.Nc4 Rxd1+ 24.Rxd1 a5 25.h3 Be6 26.Qe3 Bxc4 27.Bxc4 b5 28.Be2 Ne6 29.Qd2 Qc5
30.Qd6 Rc8 31.Qxc5 Nxc5 32.Nd2 Bf6 33.c3 Bg5 34.f3 Rd8 35.Kc2 Rxd2+ 36.Rxd2 Bxd2
37.Kxd2 Kg7 38.Bd1 Kf6 39.g3 Ke7 40.a3 Kd6 41.b4 axb4 42.axb4 Ne6 43.Bb3 f5
44.exf5 gxf5 45.h4 Ng7 46.Ke3 f4+ 47.gxf4 Nf5+ 48.Kd3 Nxh4 49.Ke4 exf4 50.Kxf4 Ng6+
51.Ke4 h5 52.f4 h4 53.Bd1 Ne7 54.f5 Nd5 55.Kd4 h3 56.Bf3 h2 57.Bh1 Ke7 58.c4 Nxb4
59.cxb5 cxb5 60.Kc5 Nd3+ 61.Kxb5 Nf2 62.Bg2 Kf6 63.Kc4 Kxf5 64.Kc3 Kf4 65.Kd2 Kg3
66.Bb7  1/2-1/2

[Event "Biel op"]
[Site "Biel"]
[Date "1990.??.??"]
[Round "2"]
[White "Sahovic, Dragutin"]
[Black "Kengis, Edvins"]
[Result "1-0"]
[WhiteElo "2370"]
[BlackElo "2545"]

1.d4 Nf6 2.Bg5 e6 3.e4 h6 4.Bxf6 Qxf6 5.Nf3 d6 6.Nc3 Nd7 7.Bc4 a6 8.Qe2 Qd8
9.a4 Be7 10.O-O O-O 11.Nd1 c5 12.c3 cxd4 13.cxd4 Nf6 14.Bd3 Bd7 15.Nc3 Bc6
16.Rfd1 Rc8 17.h3 Re8 18.Bc2 Bf8 19.Rab1 Qc7 20.Bd3 e5 21.d5 Bd7 22.Rdc1 Qb8
23.a5 Be7 24.Nd2 Bd8 25.Nc4 Bb5 26.Nxb5 axb5 27.Nb6 Rxc1+ 28.Rxc1 Bxb6 29.axb6 Rc8
30.Qe3 Nd7 31.Rxc8+ Qxc8 32.Bxb5 Nf6 33.f3 Qd8 34.Bc6 Kf8 35.Bxb7 Nd7 36.Bc6 Nxb6
37.Qa3 Qb8 38.b3 Ke7 39.Qa6 Kd8 40.Qb7 Qxb7 41.Bxb7 Nd7 42.b4 Nb6 43.Kf2 Ke7
44.h4 Nc4 45.Ke2 Nb6 46.Kd3 Kd8 47.Bc6 Ke7 48.g3 Kd8 49.f4 f6 50.f5 Ke7 51.Ke2 Nc4
52.Bb5 Nb6 53.Kf3 Kf7 54.Kg4 Na8 55.Kh5 Nb6 56.g4 Na8 57.Bd7 Nb6 58.Be6+ Kf8
59.Kg6 Nc4 60.b5 Nb6 61.g5 hxg5 62.hxg5 fxg5 63.Kxg5 Ke7 64.Kg6 Kf8 65.Bf7 Nd7
66.Be6  1-0

[Event "Biel-B"]
[Site "Biel"]
[Date "1990.??.??"]
[Round "9"]
[White "Costa, Jean Luc"]
[Black "Brunner, Lucas"]
[Result "0-1"]
[WhiteElo "2405"]
[BlackElo "2475"]

1.d4 Nf6 2.Bg5 e6 3.e3 c5 4.c3 b6 5.Nf3 Bb7 6.Bd3 Be7 7.Nbd2 cxd4 8.cxd4 Nc6
9.O-O Nd5 10.Bxe7 Qxe7 11.a3 O-O 12.Re1 f5 13.Rc1 Nd8 14.Bf1 Nf7 15.Ne5 Ng5
16.g3 d6 17.Nef3 Nxf3+ 18.Qxf3 Nf6 19.Qe2 Rac8 20.Bg2 Bxg2 21.Kxg2 Qb7+ 22.Qf3 Ne4
23.Nxe4 fxe4 24.Qg4 Qd5 25.h4 Qf5 26.Qxf5 exf5 27.Kf1 Kf7 28.Ke2 Ke6 29.Kd2 Kd5
30.Rc3 Rxc3 31.bxc3 b5 32.a4 Rb8 33.Kc2 b4 34.Kb3 bxc3+ 35.Kxc3 a5 36.h5 Rb4
37.h6 g6 38.g4 Rxa4 39.gxf5 gxf5 40.Rg1 Ra2 41.Rg2 a4 42.Kb4 Ke6 43.Kc3 Kf6
44.Rg7 Rxf2 45.Rxh7 Re2 46.Kc4 Rxe3 47.Kd5 Rh3  0-1

[Event "Brocco op"]
[Site "Brocco"]
[Date "1990.??.??"]
[Round "8"]
[White "Gerer, Josef"]
[Black "Summermatter, Daniel"]
[Result "0-1"]
[WhiteElo "2265"]
[BlackElo "2305"]

1.d4 Nf6 2.Bg5 e6 3.Nd2 h6 4.Bh4 c5 5.e3 cxd4 6.exd4 Be7 7.Bd3 O-O 8.Bxf6 Bxf6
9.Ngf3 g6 10.Qe2 Bg7 11.h4 Nc6 12.c3 d6 13.h5 g5 14.O-O-O Bd7 15.Kb1 a6 16.Nc4 Qc7
17.Ne3 b5 18.d5 Ne7 19.Bc2 Rfc8 20.Qd3 b4 21.dxe6 Bxe6 22.Nd4 bxc3 23.Nxe6 fxe6
24.b3 Qc5 25.Qxd6 Rc6 26.Qxc5 Rxc5 27.Rd6 Re5 28.Rhd1 Rf8 29.Rd8 Nd5 30.Rxf8+ Kxf8
31.Nxd5 exd5 32.Bd3 a5 33.Kc2 Ke7 34.Bf1 Kd6 35.a3 Kc5 36.Rb1 Re4 37.Bd3 Rf4
38.f3 Rh4 39.Re1 Rh2 40.Re2 Rh1 41.Re7 Bd4 42.Be2 Ra1 43.b4+ Kd6 44.Re8 Ra2+
45.Kc1 axb4 46.axb4 Rb2 47.f4 gxf4 48.Bf3 Be3+  0-1

[Event "Spring op"]
[Site "Budapest"]
[Date "1990.??.??"]
[Round "1"]
[White "Szucs, Imre"]
[Black "Horvath, Julia"]
[Result "1/2-1/2"]
[WhiteElo "2305"]
[BlackElo "2205"]

1.d4 Nf6 2.Bg5 e6 3.Nf3 c5 4.dxc5 Bxc5 5.e3 Be7 6.Nbd2 O-O 7.Be2 b6 8.O-O Bb7
9.c4 Na6 10.a3 Nc5 11.b4 Nce4 12.Nxe4 Nxe4 13.Bxe7 Qxe7 14.Nd4 Nc3 15.Qc2 Nxe2+
16.Qxe2 Rac8 17.Rfd1 a6 18.Rac1 Rc7 19.e4 Rfc8 20.Nb3 d6 21.Qd3 Rd7 22.c5 bxc5
23.Nxc5 Rdd8 24.Nxa6 Rxc1 25.Rxc1 f5 26.f3 fxe4 27.fxe4 Qh4 28.g3 Qg5 29.Re1 Rf8
30.Nc7 Qe5 31.Nb5 Ba6 32.a4 Bxb5 33.axb5 Qb2 34.Rf1 Qxb4 35.Rxf8+ Kxf8 36.Kg2 Ke7
37.h4 h5 38.Qe2 g6 39.Qd3 Qb2+ 40.Kf3 Kd7 41.e5 Qxe5 42.Qxg6 Qd5+ 43.Ke3 Qc5+
44.Kf3 Qc3+ 45.Kf2 Qb2+ 46.Kf3 Qb3+ 47.Kf2 Qa2+ 48.Ke3 Qa3+ 49.Kf2 Qc5+ 50.Kf3 Qxb5
51.Ke3 Qe5+ 52.Kf3  1/2-1/2

[Event "Elekes mem"]
[Site "Budapest"]
[Date "1990.??.??"]
[Round "5"]
[White "Landenbergue, Claude"]
[Black "Tolnai, Tibor"]
[Result "1-0"]
[WhiteElo "2385"]
[BlackElo "2490"]

1.d4 Nf6 2.Bg5 e6 3.Nf3 h6 4.Bxf6 Qxf6 5.e4 d6 6.Nc3 Nd7 7.Qd2 c6 8.O-O-O Qd8
9.h4 Qc7 10.Kb1 e5 11.g3 Be7 12.Bh3 Nf6 13.Bxc8 Rxc8 14.h5 b5 15.Qd3 a6 16.Rde1 Nd7
17.Nd1 Bf6 18.Ne3 O-O 19.Nf5 exd4 20.N3xd4 Ne5 21.Qd1 c5 22.Ne2 Qa5 23.Ne3 Nf3
24.Nd5 Bd8 25.Nc1 Nxe1 26.Rxe1 b4 27.f4 c4 28.g4 Re8 29.g5 hxg5 30.h6 Rc5
31.hxg7 Rxd5 32.Qh5 Kxg7 33.Rh1 Kf8 34.exd5 Qxd5 35.Qh8+ Ke7 36.Re1+  1-0

[Event "Cannes op"]
[Site "Cannes"]
[Date "1990.??.??"]
[Round "3"]
[White "Klaric, Zlatko"]
[Black "Schlosser, Michael"]
[Result "1-0"]
[WhiteElo "2400"]
[BlackElo "2340"]

1.d4 Nf6 2.Bg5 e6 3.e4 h6 4.Bxf6 Qxf6 5.Nc3 d6 6.Nf3 Nd7 7.Qd2 Qd8 8.O-O-O Be7
9.h4 a6 10.g4 b5 11.Rh3 c5 12.d5 e5 13.g5 hxg5 14.hxg5 Rxh3 15.Bxh3 Nf8 16.Bf5 g6
17.Bxc8 Rxc8 18.Ne2 c4 19.Rg1 Qb6 20.Qe3 Qa5 21.Kb1 Bd8 22.Nh4 b4 23.f4 Nd7
24.Rh1 b3 25.axb3 cxb3 26.cxb3 exf4 27.Nxf4 Ne5 28.Nf3 Bb6 29.Qe2 Nxf3 30.Qxf3 Bd4
31.e5 Bxe5 32.Nxg6 Bxb2 33.Qe2+ Be5 34.Rh8+ Kd7 35.Qg4+ Kc7 36.Qxc8+ Kb6
37.Qc6+  1-0

[Event "Cannes op"]
[Site "Cannes"]
[Date "1990.??.??"]
[Round "5"]
[White "Zimmermann, Walter"]
[Black "Mazzoni, Guy"]
[Result "1-0"]
[WhiteElo "2040"]
[BlackElo "2255"]

1.d4 Nf6 2.Bg5 e6 3.e4 h6 4.Bxf6 Qxf6 5.Nf3 c5 6.e5 Qd8 7.d5 d6 8.Bb5+ Bd7
9.Nc3 Bxb5 10.Nxb5 a6 11.Nc3 dxe5 12.dxe6 Qxd1+ 13.Rxd1 Nc6 14.exf7+ Kxf7
15.Rd7+ Be7 16.Rxb7 Rab8 17.Rc7 Nd4 18.Nxe5+ Ke6 19.Rxe7+ Kxe7 20.Ng6+ Kf6
21.Nxh8 Nxc2+ 22.Kd2 Nb4 23.Ne4+ Ke5 24.Nxc5 Rxh8 25.Nd3+ Nxd3 26.Kxd3 Rd8+
27.Ke3 g5 28.Rc1 Rd5 29.b4  1-0

[Event "JUG-chT Cetinje"]
[Site "Cetinje"]
[Date "1990.??.??"]
[Round "4"]
[White "Maksimovic, Branimir"]
[Black "Raicevic, Vladimir"]
[Result "1-0"]
[WhiteElo "2365"]
[BlackElo "2460"]

1.d4 Nf6 2.Bg5 e6 3.e4 d5 4.e5 h6 5.Be3 Nfd7 6.Bd3 c5 7.c3 b6 8.Ne2 Ba6 9.Bxa6 Nxa6
10.O-O Nab8 11.f4 g6 12.c4 cxd4 13.Nxd4 dxc4 14.Nd2 c3 15.bxc3 Na6 16.f5 gxf5
17.Rxf5 Nac5 18.Rh5 Qc7 19.Nc4 Nb7 20.Qe2 Rc8 21.Nd2 Qxc3 22.Rf1 Nbc5 23.Rh3 Qd3
24.Qf2 Qg6 25.Rg3 Qh7 26.Nb5 Rg8 27.Nc4 Ne4 28.Qc2 Rxc4 29.Qxc4 Nxg3 30.Qc8+ Ke7
31.Rd1 Ne2+ 32.Kh1 Nd4 33.Nxd4 Nxe5 34.Qc7+ Kf6 35.Rf1+ Kg6 36.Qxe5 Qg7 37.Qe4+ Kh5
38.Rf4 Be7 39.g4+ Kh4 40.Nf3+ Kh3 41.Ng1+ Kh4  1-0

[Event "ESP-chT"]
[Site "?"]
[Date "1990.??.??"]
[Round "?"]
[White "Ochoa de Echaguen, F Javier"]
[Black "Cramling, Pia"]
[Result "1/2-1/2"]
[WhiteElo "2400"]
[BlackElo "2470"]

1.d4 Nf6 2.Bg5 e6 3.e4 h6 4.Bxf6 Qxf6 5.Nf3 Bb4+ 6.Nc3 d6 7.Qd3 O-O 8.O-O-O Bxc3
9.Qxc3 Qf4+ 10.Kb1 Qxe4 11.Qxc7 Qc6 12.Qxc6  1/2-1/2

[Event "SWE-ch"]
[Site "Gothenburg"]
[Date "1990.??.??"]
[Round "?"]
[White "Johansson, Jan"]
[Black "Bergstrom, Christer"]
[Result "1/2-1/2"]
[WhiteElo "2465"]
[BlackElo "2425"]

1.d4 Nf6 2.Bg5 e6 3.Nd2 Be7 4.e4 d6 5.Bd3 Nc6 6.Ngf3 e5 7.d5 Nb8 8.Be3 Ng4
9.Nf1 O-O 10.Bd2 c6 11.h3 Nf6 12.c4 b5 13.dxc6 bxc4 14.Bxc4 Nxc6 15.Ng3 d5
16.exd5 Nxd5 17.O-O Be6 18.Re1 Rb8 19.b3 Qd7 20.Ng5 Bxg5 21.Bxg5 f6 22.Ne4 Qf7
23.Nc5 Rbd8 24.Nxe6 Qxe6 25.Be3 Na5 26.Bxd5 Rxd5 27.Qc2 Rc8 28.Qe4 f5 29.Qa4 Qd7
30.Qxd7 Rxd7 31.Rac1 Rdc7 32.Rxc7 Rxc7 33.Bd2 Nc6 34.Rc1 Kf7 35.Kf1 Ke6 36.Ke1 Kd6
37.Be3 a5 38.Bb6 Rb7 39.Rd1+ Ke6 40.Bc5 Rd7 41.Rxd7 Kxd7 42.Kd2 Ke6 43.Kc3 Kd5
44.Bb6 g5 45.a3 e4 46.b4 axb4+ 47.axb4 Ne5 48.Bd4 Nc4 49.Bf6 e3 50.fxe3 Nxe3
51.Bxg5 Nxg2 52.Kd2 Kc4 53.Ke2 f4 54.Kf3 Ne1+ 55.Kg4 Kxb4 56.Bxf4 Kc5 57.Kh5  1/2-1/2

[Event "Hamburg-ch"]
[Site "Hamburg"]
[Date "1990.??.??"]
[Round "?"]
[White "Frank, Bjoern"]
[Black "Stanke, Juergen"]
[Result "0-1"]
[WhiteElo "2330"]
[BlackElo "2270"]

1.d4 Nf6 2.Bg5 e6 3.e3 h6 4.Bh4 c5 5.c3 cxd4 6.exd4 Be7 7.Nd2 O-O 8.Rc1 b6
9.Be2 Bb7 10.Bf3 Bxf3 11.Ngxf3 d6 12.O-O Nbd7 13.Re1 b5 14.a4 a6 15.axb5 axb5
16.Qe2 Qb6 17.Ra1 Qb7 18.b3 d5 19.Ne5 Rxa1 20.Rxa1 Rc8 21.Ra5 Rxc3 22.Rxb5 Qc7
23.h3 Bd6 24.Bg3 Rc1+ 25.Kh2 Qc3 26.Nd3 Bxg3+ 27.fxg3 Rc2 28.Nb1 Rxe2 29.Nxc3 Re3
30.Nxd5 Rxd3  0-1

[Event "Moscow (Women)"]
[Site "Moscow"]
[Date "1990.??.??"]
[Round "?"]
[White "Levitina, Irina S"]
[Black "Eidelson, Rakhil"]
[Result "1-0"]
[WhiteElo "2370"]
[BlackElo "2205"]

1.d4 Nf6 2.Bg5 e6 3.e4 h6 4.Bxf6 Qxf6 5.Nf3 Qd8 6.Bd3 g6 7.Nbd2 Bg7 8.c3 d6
9.Nc4 Nc6 10.b4 a6 11.a4 e5 12.b5 axb5 13.axb5 Rxa1 14.Qxa1 Nb8 15.dxe5 dxe5
16.Bc2 O-O 17.O-O Qe7 18.Qa7 Bg4 19.Qxb7 Bxf3 20.gxf3 Qg5+ 21.Kh1 Qf4 22.Bd1 Qc1
23.Ne3 Qxc3 24.Be2 Nd7 25.Bc4 Qa5 26.Nd5 Qa3 27.Kg2 Nc5 28.Qxc7 Ne6 29.Qb6 Rc8
30.Qa6 Nf4+ 31.Nxf4 Qxa6 32.bxa6 exf4 33.Rd1 Rc7 34.Bd5 Rd7 35.Kf1 Kf8 36.Ke2 Bf6
37.Kd3 Rc7 38.Rb1 Rc3+ 39.Kd2 Ra3 40.Rb8+ Kg7 41.Bc4 Bd4 42.Rb7 Kf6 43.Rxf7+ Kg5
44.h4+ Kxh4 45.Rxf4+ Kg5 46.Rf7 Be5 47.Rd7 Bb8 48.e5 Rxf3 49.a7 Bxa7 50.Rxa7 Rxf2+
51.Ke3 Rc2 52.Bd3 Rc1 53.Ra6 Re1+ 54.Kd4 Kf4 55.Rf6+  1-0

[Event "New York op"]
[Site "New York"]
[Date "1990.??.??"]
[Round "1"]
[White "Alburt, Lev O"]
[Black "Byrne, Robert E"]
[Result "1/2-1/2"]
[WhiteElo "2565"]
[BlackElo "2460"]

1.d4 Nf6 2.Bg5 e6 3.Nd2 h6 4.Bh4 d5 5.c3 c5 6.e3 Nc6 7.Bd3 e5 8.dxe5 Nxe5
9.Bb5+ Bd7 10.Bxf6 Qxf6 11.Bxd7+ Nxd7 12.Ngf3 Be7 13.O-O O-O 14.e4 Nb6 15.e5 Qe6
16.Re1 f5 17.exf6 Qxf6 18.a4 Rad8 19.a5 Nc8 20.Qb3 Qc6 21.Ne5 Qc7 22.a6 b6
23.Ndf3 c4 24.Qb5 Bc5 25.Nd4 Rd6 26.Re2 Ne7 27.Nef3 Ng6 28.Ne6 Qe7 29.Rae1 Qe8
30.Qxe8 Rxe8 31.g3 Re7 32.Ned4 Rxe2 33.Rxe2 b5 34.Re6 b4 35.Rxd6 Bxd6 36.Nb5 bxc3
37.bxc3 Bc5 38.Kf1 Kf7 39.Nc7 Ne7 40.Ne5+ Kg8 41.Nd7 Bd6 42.Nb5 Nc8 43.Nxd6 Nxd6
44.Nb6 Kf7 45.Nxd5 Ke6 46.Ne3 Kd7 47.Ke2 Kc6 48.Kf3 Kb6 49.Kf4 Kxa6 50.Ke5 Nb5
51.f4 Nxc3 52.Kd4 Nb5+ 53.Kxc4 Nc7 54.Kc5 Kb7 55.Nc4 Kc8 56.Kd6 Kd8 57.Na5 Nb5+
58.Kc5 a6 59.Nc6+ Ke8 60.Nb4 Nc7 61.Kd6 Nb5+ 62.Kc6 Nd4+ 63.Kd5 Nf3 64.Nxa6  1/2-1/2

[Event "Novi Sad ol (Men)"]
[Site "Novi Sad"]
[Date "1990.??.??"]
[Round "12"]
[White "Fernandes, Antonio"]
[Black "Olafsson, Helgi"]
[Result "0-1"]
[WhiteElo "2445"]
[BlackElo "2595"]

1.d4 Nf6 2.Bg5 e6 3.e4 h6 4.Bxf6 Qxf6 5.Nf3 b6 6.Bd3 Bb7 7.Nbd2 d6 8.e5 Qd8
9.Qe2 Nd7 10.O-O-O Be7 11.Kb1 d5 12.c4 dxc4 13.Bxc4 c6 14.Ne4 Qc7 15.Rc1 Rd8
16.h4 c5 17.Rhd1 O-O 18.Bd3 Qb8 19.dxc5 bxc5 20.Ned2 Nb6 21.g3 Rd7 22.Ne1 Rfd8
23.f4 Bd5 24.Bb5 Rc7 25.Nc4 Qa8 26.Rd2 Bxc4 27.Rxd8+ Qxd8 28.Bxc4 Rd7 29.Bd3 c4
30.Bc2 c3 31.Rd1 Nd5 32.Bb3 cxb2 33.Bxd5 Rxd5 34.Rxd5 Qxd5 35.Kxb2 Qd4+ 36.Kc2 Bb4
37.Nd3 Ba3 38.Kb3 Be7 39.h5 a5 40.Qc2  0-1

[Event "Orange op"]
[Site "Orange"]
[Date "1990.??.??"]
[Round "4"]
[White "Dextreit, J."]
[Black "Spiridonov, Nikola"]
[Result "0-1"]
[WhiteElo "2130"]
[BlackElo "2405"]

1.d4 Nf6 2.Bg5 e6 3.e4 h6 4.Bxf6 Qxf6 5.e5 Qd8 6.Bd3 c5 7.dxc5 Bxc5 8.c3 Nc6
9.Nf3 d6 10.exd6 Bxd6 11.Qe2 O-O 12.Nbd2 e5 13.O-O f5 14.Bc4+ Kh7 15.Rfe1 e4
16.Nd4 Nxd4 17.cxd4 Qf6 18.Rad1 a6 19.Nf1 Bb4 20.Nd2 b5 21.Bb3 Bb7 22.a3 Ba5
23.Ba2 Rad8 24.b4 Bb6 25.Nb3 Bxd4 26.Nxd4 Rxd4 27.Rxd4 Qxd4 28.Rd1 Qe5 29.Bb1 Rc8
30.Qd2 Bd5 31.h4 Bb3 32.Re1 Qc3 33.Qe2 Bc4 34.Qd1 Rd8 35.Qc1 Qxc1 36.Rxc1 Rd2
37.g3 h5 38.Re1 Kg6 39.Kg2 Kf6 40.Kg1 g5 41.hxg5+ Kxg5 42.Kg2 Kg4 43.Kg1 Kh3
44.Rc1 Bb3 45.Re1 Bd1 46.Rf1 Bg4 47.Re1 e3  0-1

[Event "Orange op"]
[Site "Orange"]
[Date "1990.??.??"]
[Round "6"]
[White "Dextreit, J."]
[Black "Happel, Hendrik A"]
[Result "0-1"]
[WhiteElo "2130"]
[BlackElo "2280"]

1.d4 Nf6 2.Bg5 e6 3.e4 d5 4.e5 h6 5.Be3 Nfd7 6.Bd3 c5 7.c3 Nc6 8.Nf3 Qb6
9.Qc1 Qa5 10.O-O c4 11.Bc2 b5 12.Nfd2 Nb6 13.f4 g6 14.Nf3 Bd7 15.g4 Rg8 16.Kh1 b4
17.a3 bxc3 18.Nxc3 Ne7 19.Bd2 Qa6 20.Qd1 Rb8 21.Rb1 Na8 22.Nh4 Nc7 23.f5 exf5
24.gxf5 gxf5 25.Nxf5 Nxf5 26.Bxf5 Bxf5 27.Rxf5 Qg6 28.Qf3 Rxb2 29.Rf1 Rxd2
30.Rxf7 Be7  0-1

[Event "URS-chT"]
[Site "Podolsk"]
[Date "1990.??.??"]
[Round "?"]
[White "Krasenkow, Michal"]
[Black "Atlas, Valeri"]
[Result "1-0"]
[WhiteElo "2545"]
[BlackElo "2420"]

1.d4 Nf6 2.Bg5 e6 3.e3 Be7 4.Nd2 b6 5.Ngf3 c5 6.Bd3 cxd4 7.exd4 Bb7 8.O-O Nd5
9.Bxe7 Qxe7 10.Re1 O-O 11.Bf1 Nf6 12.Nc4 d6 13.a4 Rc8 14.Ne3 Qc7 15.Nd2 a6
16.c3 Nbd7 17.Qb3 Nd5 18.Qa3 N7f6 19.Nxd5 Bxd5 20.c4 Bc6 21.b4 Qb8 22.Rac1 Ra7
23.a5 Bd7 24.axb6 Qxb6 25.c5 Qb8 26.Nc4 dxc5 27.dxc5 Bc6 28.Ra1 Rcc7 29.Nd6 Nd5
30.Reb1 Qa8 31.Qg3 f6 32.Bc4 Kf8 33.Qh3 Nf4 34.Qxh7 Bxg2 35.Qh8+ Ke7 36.Qxg7+ Kd8
37.Qxf6+ Re7 38.Qxf4 Bh3 39.Qf8+ Kd7 40.Qxa8 Rxa8 41.Bf1 Rg8+ 42.Kh1 Bg4
43.Rb3 Reg7 44.Bxa6  1-0

[Event "RLPF-chB"]
[Site "Polch"]
[Date "1990.??.??"]
[Round "?"]
[White "Schreiner, Thomas"]
[Black "Schmitt, KP."]
[Result "0-1"]
[WhiteElo "1830"]
[BlackElo "1850"]

1.d4 Nf6 2.Bg5 e6 3.Nd2 Be7 4.e4 Nc6 5.c3 d5 6.e5 Nd7 7.Bxe7 Nxe7 8.Bd3 c5
9.Ne2 c4 10.Bc2 a6 11.O-O b5 12.f4 O-O 13.f5 exf5 14.Bxf5 Nxf5 15.Rxf5 Nc5
16.Ng3 Bxf5 17.Nxf5 Qg5 18.Qf3 Nd3 19.Nf1 g6 20.Nd6 Qf4 21.Qxd5 Qf2+ 22.Kh1 Qxb2
23.e6 Qxa1 24.exf7+ Kh8 25.Qf3 Kg7 26.h4 Qe1 27.g3 Qf2 28.Nf5+ gxf5  0-1

[Event "Stockholm"]
[Site "Stockholm"]
[Date "1990.??.??"]
[Round "?"]
[White "Johansson, Jan"]
[Black "Hellers, Ferdinand"]
[Result "1/2-1/2"]
[WhiteElo "2460"]
[BlackElo "2520"]

1.d4 Nf6 2.Bg5 e6 3.e4 h6 4.Bxf6 Qxf6 5.Nf3 d6 6.Nc3 g6 7.Qd2 Bg7 8.O-O-O Nd7
9.Nb5 O-O 10.Nxc7 Rb8 11.Nb5 e5 12.Kb1 a6 13.Nc3 exd4 14.Qxd4 Qxd4 15.Nxd4 Nb6
16.Be2 Bd7 17.h3 h5 18.g4 hxg4 19.Bxg4 Rfe8 20.Bxd7 Nxd7 21.Nde2 Nc5 22.f3 Rbd8
23.h4 Re5 24.h5 Rxh5 25.Rxh5 gxh5 26.Rh1 f5 27.exf5 Re8 28.Nf4 Re3 29.Ncd5 Rxf3
30.Ne6 Ne4 31.a4 Ng3 32.Rh3 Be5 33.Ne7+ Kh8 34.Ka2 Bf6 35.Nd5 Rxf5 36.Nxf6 Rxf6
37.Ng5 Nf5 38.Rxh5+ Kg8 39.Ne4 Rf7 40.c3 Kf8 41.Rh8+ Kg7 42.Rb8 Re7 43.Nd2 Kf6
44.Nc4 d5 45.Na5 Nd6 46.Nb3  1/2-1/2

[Event "Rilton Cup"]
[Site "Stockholm"]
[Date "1990.??.??"]
[Round "7"]
[White "Johansson, Jan"]
[Black "Cramling, Dan"]
[Result "1-0"]
[WhiteElo "2460"]
[BlackElo "2420"]

1.d4 Nf6 2.Bg5 e6 3.e4 h6 4.Bxf6 Qxf6 5.Nf3 d6 6.Nc3 Nd7 7.Qd2 c6 8.O-O-O e5
9.Kb1 Be7 10.Be2 h5 11.h3 h4 12.g3 Qh6 13.Qe1 g6 14.d5 hxg3 15.fxg3 Nb6 16.a4 Qe3
17.a5 Nd7 18.h4 Rb8 19.Nd2 Qc5 20.Nb3 Qb4 21.Qf2 c5 22.Rdf1 Rh7 23.Nd2 b6
24.a6 b5 25.g4 Bxa6 26.g5 Qd4 27.Qe1 b4 28.Nb3 Qe3 29.Rf3 Qxf3 30.Bxf3 bxc3
31.Qxc3 c4 32.Na5 Nc5 33.Nc6 Rb5 34.Qa3 Kd7 35.Be2 Rb6 36.Rf1 Nxe4 37.Ka2 Nc5
38.Nb4 Bb5 39.Kb1 Rxh4 40.Rxf7 Rh1+ 41.Ka2 c3 42.Qxa7+  1-0